Formule 1 - Quiz pilote : Lando Norris - Statistiques

Statistiques générales
  • Ce quiz a été pris 472 fois
    144 depuis la dernière actualisation
  • Le résultat moyen est 15 sur 18
Statistiques - réponses
Hint Réponse % Correct
Championnat du monde Nombres de titre pilote 1
100%
Championnat du monde Nombres de titre constructeur 2
99%
Informations de base Arrivée en Formule 1 (année) 2019
97%
Écuries pour lesquelles il a conduit Depuis 2019 McLaren
97%
Coéquipiers Depuis 2023 Oscar Piastri
97%
Informations de base Numéro de pilote 4
96%
Informations de base Nationalité (sportive) Angleterre
95%
Championnat du monde 1er titre (année) 2024
94%
Championnat du monde 2e titre (année) 2025
94%
Championnat du monde 3e titre (année) 2025
94%
Coéquipiers 2019 - 2020 Carlos Sainz
94%
Coéquipiers 2021 - 2022 Daniel Ricciardo
94%
Informations de base Nom complet Lando Norris
86%
Victoires Nombre de victoire totale 11
83%
Autres Son surnom avant sa 1ère victoire Lando No Wins
52%
Informations de base Date de naissance 13 novembre 1999
48%
Victoires 1ère victoire Grand Prix de Miami 2024
48%
Autres Sa chanson de victoire Friday – Dopamine Re-Edi de Nightcrawlers et Riton
46%
Aucun quiz correspondant
Distribution des résultats
% des personnes avec chaque résultat
Percentile par nombre de réponses
Votre historique - résultats
Vous n’avez pas pris ce quiz depuis la dernière actualisation